| 000 | 00387nam a2200169Ia 4500 | ||
|---|---|---|---|
| 005 | 20240823061855.0 | ||
| 008 | 240331s9999 xx 000 0 und d | ||
| 082 |
_bXUN _a800 |
||
| 100 | _aXun, L | ||
| 245 | 0 | _aWandering | |
| 260 |
_aBeijing _bForeign Languages Press _c1981 |
||
| 300 | _a143 p ., | ||
| 650 | _aMyths | ||
| 650 | _aChinese - History | ||
| 650 | _aStories | ||
| 942 | _cL | ||
| 999 |
_c3094 _d3094 |
||